| 000 | 00700nam a22002057a 4500 | ||
|---|---|---|---|
| 999 |
_c3915 _d3915 |
||
| 003 | AR-CdUCM | ||
| 008 | 190307b ||||| |||| 00| 0 esp d | ||
| 020 | _aISBN | ||
| 040 |
_aMUNICIPALIDAD PROVINCIAL DEL CUSCO _cBIBLIOTECA MUNICIPAL DEL CUSCO |
||
| 082 |
_a985 / _bG22 |
||
| 100 |
_aGarcía Calderón, Ventura _93435 |
||
| 245 |
_aNosotros / _cVentura Garcia Calderon |
||
| 260 |
_aParis : _bCasa editorial Garnier Hermanos, _c1946. |
||
| 300 |
_a148 paginas ; _c18 cm. |
||
| 500 |
_aIncluye cartas de ilustres personajes remitidas al autor. _aDonación de la familia Luis Nieto. |
||
| 650 |
_aLiteratura peruana _9169 |
||
| 650 |
_aEnsayo critico _912541 |
||
| 942 |
_2ddc _cLIBROS |
||
| 945 | _aacrt | ||